000 01572nam a2200373 a 4500
001 000038813
003 DO-SdBPM
005 20251009143740.0
007 ta
008 130425s2013 dr ad 001 0 spa d
020 _a9789945015027
040 _aDO-SdBNP
_bspa
_cBPMSU
_drda
082 4 _a304.87293
_bC965s 2013
_222
100 1 _aCuello, César
_d1950-
_eautor
245 1 0 _aSistematización del proceso metodológico de la Primera Encuesta Nacional de Inmigrantes en la República Dominicana (ENI-2012) :
_binforme final /
_c César Cuello
246 1 3 _aInforme final
260 _a
_c
264 _aSanto Domingo :
_bUnión Europea ;
_bFondo de Población de las Naciones Unidas,
_c2013
300 _a101 páginas :
_bilustraciones, taablas. ;
_c25 cm.
336 _atexto
_btxt
_2rdacontent
337 _asin mediación
_bn
_2rdamedia
338 _avolumen
_bnc
_2rdacarrier
505 0 _aIntroducción 13 -- Proceso organizativo de la ENI-2012 15 -- Diseño y aplicación de la encuesta 30 -- Resultados, hallazgos y difusión de la encuesta 48 -- Lecciones y recomendaciones 56.
520 _a
590 _aInventariado, 2025/VM
650 7 _aInmigrantes
_zRepública Dominicana
_vEncuestas
650 7 _aEncuestas demográficas
_zRepública Dominicana
651 7 _aRepública Dominicana
_xCensos
651 7 _aRepública Dominicana
_xEstadística Vital
_x
_y
651 7 _aRepública Dominicana
_xPoblación
_xEstadísticas
710 2 _aFondo de Población de la Naciones Unidas
910 _aVMateo. Control de calidad BPMSU
942 _2ddc
_cBK
999 _c15426
_d15426